[Event "36th World U20 ch"]
[Site "Zagan POL"]
[Date "1997.07.23"]
[Round "9"]
[White "Savic, Miodrag"]
[Black "Ibraev, Nurlan"]
[Result "1-0"]
[WhiteElo "2430"]
[BlackElo "2320"]
[EventDate "1997.07.14"]
[PlyCount "71"]

1.e4 e5 2.Nf3 Nc6 3.Bb5 a6 4.Ba4 Nf6 5.O-O b5 6.Bb3 Bc5 7.c3 d6 8.d4 Bb6 
9.h3 Bb7 10.Re1 O-O 11.Bg5 h6 12.Bh4 g5 13.Bg3 Re8 14.h4 g4 15.Nh2 Qd7 16.
d5 Ne7 17.Nd2 Kh8 18.Ndf1 Rg8 19.Qd2 Rg6 20.Bc2 Nh5 21.Bd1 f5 22.exf5 Nxf5
23.Bxg4 Nhxg3 24.Nxg3 Rxg4 25.Nxg4 Nxg3 26.Qxh6+ Qh7 27.Qxh7+ Kxh7 28.Rad1
Rf8 29.Kh2 Nf5 30.Rd3 Ne7 31.Nxe5 dxe5 32.Rxe5 Nxd5 33.f3 Nf4 34.Rd7+ Kh6 
35.g3 Ng6 36.Rh5+ 1-0

[Event "36th World U20 ch"]
[Site "Zagan POL"]
[Date "1997.07.23"]
[Round "9"]
[White "Kelly, Brian"]
[Black "Bircher, Roland"]
[Result "1-0"]
[WhiteElo "2390"]
[BlackElo "2185"]
[EventDate "1997.07.14"]
[PlyCount "69"]

1.Nf3 d6 2.d4 f5 3.g3 Nf6 4.Bg2 g6 5.O-O Bg7 6.c4 O-O 7.Nc3 c6 8.d5 Qe8 9.
Rb1 Na6 10.b3 Bd7 11.Bb2 Rb8 12.Qd2 Nc7 13.a4 a6 14.a5 c5 15.Qc2 b5 16.
axb6 Rxb6 17.Nd2 a5 18.Ra1 Qa8 19.Na4 Rb7 20.Bc3 Rfb8 21.Ra2 Ng4 22.Bxg7 
Kxg7 23.Qc3+ Kg8 24.Nxc5 dxc5 25.d6 Qa6 26.Bxb7 Qxb7 27.dxc7 Qxc7 28.Rxa5 
Rf8 29.Nf3 Bc8 30.Rfa1 f4 31.b4 fxg3 32.hxg3 cxb4 33.Qxb4 Be6 34.Qc5 Qd8 
35.Ra7 1-0

[Event "36th World U20 ch"]
[Site "Zagan POL"]
[Date "1997.07.23"]
[Round "9"]
[White "Pereyra Arcija, Diego"]
[Black "Carrasco Martinez, Juan Manuel"]
[Result "1/2-1/2"]
[WhiteElo "2460"]
[BlackElo "2280"]
[EventDate "1997.07.14"]
[PlyCount "31"]

1.d4 e6 2.c4 Bb4+ 3.Bd2 a5 4.Nf3 d6 5.g3 Nc6 6.Bg2 e5 7.O-O Nxd4 8.Nxd4 
exd4 9.Bxb4 axb4 10.Qxd4 Nf6 11.Rd1 Ra6 12.Qd2 c5 13.a4 O-O 14.Qd3 Re8 15.
Nd2 Qe7 16.Re1 1/2-1/2

[Event "36th World U20 ch"]
[Site "Zagan POL"]
[Date "1997.07.23"]
[Round "9"]
[White "Moreira Romero, Jairo"]
[Black "Tikhonov, Yury"]
[Result "1/2-1/2"]
[WhiteElo "2200"]
[BlackElo "2415"]
[EventDate "1997.07.14"]
[PlyCount "87"]

1.c4 e5 2.g3 Nf6 3.Bg2 d5 4.cxd5 Nxd5 5.Nc3 Nb6 6.Nf3 Nc6 7.O-O Be7 8.b3 
O-O 9.Bb2 f5 10.d3 Be6 11.Rc1 Qd7 12.Nb5 Bf6 13.d4 e4 14.Ne5 Bxe5 15.dxe5 
Nd5 16.Nc3 Rad8 17.Nxd5 Qxd5 18.Qc2 Qa5 19.Bc3 Qb6 20.Rfd1 a5 21.Rxd8 Rxd8
22.Rd1 Rxd1+ 23.Qxd1 Qc5 24.Qd2 b6 25.h3 Qd5 26.f3 Qxd2 27.Bxd2 Nb4 28.
Bxb4 axb4 29.Kf2 Kf7 30.Ke3 Bd5 31.g4 exf3 32.exf3 fxg4 33.hxg4 Ke6 34.Kf4
h6 35.g5 hxg5+ 36.Kxg5 Kxe5 37.f4+ Kd4 38.Bxd5 Kxd5 39.Kg6 Ke4 40.Kxg7 c5 
41.Kf6 b5 42.f5 c4 43.Ke6 c3 44.f6 1/2-1/2

[Event "36th World U20 ch"]
[Site "Zagan POL"]
[Date "1997.07.23"]
[Round "9"]
[White "Fontaine, Robert"]
[Black "De Wachter, Matthias"]
[Result "0-1"]
[WhiteElo "2395"]
[BlackElo "2175"]
[EventDate "1997.07.14"]
[PlyCount "98"]

1.e4 c6 2.Nc3 d5 3.Nf3 Bg4 4.h3 Bh5 5.exd5 cxd5 6.Bb5+ Nc6 7.g4 Bg6 8.Ne5 
Rc8 9.d4 e6 10.h4 f6 11.Nxg6 hxg6 12.Be3 Bb4 13.Qd3 Kf7 14.Bd2 a6 15.Bxc6 
Rxc6 16.Ne2 Bd6 17.O-O-O Qc7 18.Kb1 Ne7 19.f4 b5 20.Rdg1 Rc4 21.b3 Qb6 22.
Qe3 Rc7 23.Kb2 a5 24.Rc1 Rhc8 25.c3 b4 26.Rhe1 a4 27.cxb4 Bxb4 28.Bxb4 
Qxb4 29.Red1 f5 30.g5 Nc6 31.Qc3 Qb6 32.Qc5 Qb8 33.Nc3 Ne5 34.Qb5 Qxb5 35.
Nxb5 Rxc1 36.Nd6+ Kf8 37.Nxc8 Rxd1 38.dxe5 Rd4 39.Nb6 axb3 40.Kxb3 Rxf4 
41.a4 d4 42.a5 d3 43.Kc3 Rd4 44.Kd2 f4 45.a6 f3 46.a7 Rd8 47.Nd7+ Kg8 48.
Nb8 f2 49.a8=Q f1=Q 0-1

[Event "36th World U20 ch"]
[Site "Zagan POL"]
[Date "1997.07.23"]
[Round "9"]
[White "Goloschapov, Alexander"]
[Black "Karner, Christoph"]
[Result "1-0"]
[WhiteElo "2400"]
[BlackElo "2155"]
[EventDate "1997.07.14"]
[PlyCount "37"]

1.e4 c5 2.Nf3 e6 3.d4 cxd4 4.Nxd4 Nf6 5.Nc3 d6 6.Be2 Be7 7.O-O O-O 8.Be3 
Nc6 9.Kh1 a6 10.a4 Re8 11.f4 Qc7 12.a5 Nxa5 13.e5 Nd5 14.Nxe6 Bxe6 15.Nxd5
Bxd5 16.Qxd5 b5 17.e6 fxe6 18.Qxe6+ Kh8 19.Bh5 1-0

[Event "36th World U20 ch"]
[Site "Zagan POL"]
[Date "1997.07.23"]
[Round "9"]
[White "Sarakauskas, Gediminas"]
[Black "Pihlajasalo, Hannu"]
[Result "1/2-1/2"]
[WhiteElo "2295"]
[BlackElo "2185"]
[EventDate "1997.07.14"]
[PlyCount "75"]

1.e4 e5 2.Nf3 Nf6 3.Nc3 Bb4 4.Nxe5 O-O 5.Be2 d6 6.Nc4 Bxc3 7.dxc3 Nxe4 8.
O-O Nc6 9.Re1 h6 10.Qd3 Re8 11.Bf4 Qf6 12.Qf3 Ng5 13.Qg3 Ne4 14.Bd3 Bf5 
15.Qf3 Nc5 16.Bxf5 Qxf5 17.Ne3 Qe4 18.Qxe4 Rxe4 19.Nd5 Rxe1+ 20.Rxe1 Ne6 
21.Bd2 Ne5 22.f4 Nc4 23.Bc1 Nb6 24.Nb4 Nc5 25.b3 Ncd7 26.c4 a5 27.Nd5 Nxd5
28.cxd5 Nb6 29.c4 a4 30.Be3 axb3 31.Bxb6 cxb6 32.axb3 Kf8 33.Kf2 b5 34.
cxb5 Ra5 35.Re3 Rxb5 36.Rd3 Ke7 37.Ke3 Kf6 38.g3 1/2-1/2

[Event "36th World U20 ch"]
[Site "Zagan POL"]
[Date "1997.07.23"]
[Round "9"]
[White "Ho, Andrew"]
[Black "Zerdo, Mirza"]
[Result "1-0"]
[WhiteElo "2340"]
[BlackElo "2175"]
[EventDate "1997.07.14"]
[PlyCount "91"]

1.Nf3 Nf6 2.c4 c5 3.g3 Nc6 4.Nc3 g6 5.Bg2 Bg7 6.O-O O-O 7.d4 cxd4 8.Nxd4 
d6 9.Nxc6 bxc6 10.Bxc6 Rb8 11.Bg2 Be6 12.b3 Ne4 13.Bxe4 Bxc3 14.Bh6 Bxa1 
15.Qxa1 f6 16.Bxf8 Kxf8 17.Qc3 Qb6 18.Rd1 a5 19.Bd5 Bf5 20.Qc1 Kg7 21.Qa3 
Bd7 22.Rd3 Qb4 23.Qxb4 axb4 24.Rd1 Rb6 25.Be4 Be6 26.Kf1 Ra6 27.Rd2 Ra5 
28.Ke1 Kf8 29.Kd1 Ke8 30.Kc1 Kd8 31.Kb2 Kc7 32.h4 Kb6 33.Rd1 Re5 34.Bd3 
Bf5 35.Bxf5 Rxf5 36.f3 Re5 37.e4 f5 38.Rd5 Re6 39.exf5 Re2+ 40.Kb1 gxf5 
41.Rxf5 Re1+ 42.Kc2 Re2+ 43.Kd3 Rxa2 44.Rb5+ Kc6 45.Rxb4 Rg2 46.g4 1-0

[Event "36th World U20 ch"]
[Site "Zagan POL"]
[Date "1997.07.24"]
[Round "10"]
[White "Shaked, Tal"]
[Black "Baklan, Volodymyr"]
[Result "1-0"]
[WhiteElo "2500"]
[BlackElo "2570"]
[EventDate "1997.07.14"]
[PlyCount "105"]

1.d4 Nf6 2.c4 c5 3.d5 b5 4.cxb5 a6 5.b6 d6 6.Nc3 Qxb6 7.Nf3 g6 8.Nd2 Nbd7 
9.e4 Bg7 10.Be2 Qd8 11.O-O Nb6 12.a4 Rb8 13.a5 Na8 14.Nc4 O-O 15.f3 Nc7 
16.Na4 Bd7 17.Nab6 Bb5 18.Bd2 Bxc4 19.Nxc4 Nd7 20.Rb1 Nb5 21.Na3 Qc7 22.
Nxb5 axb5 23.b4 c4 24.Be3 e6 25.dxe6 fxe6 26.f4 Qc6 27.Bf3 e5 28.g3 Rfe8 
29.Qc2 Nf8 30.f5 Rbd8 31.Rbd1 Nd7 32.g4 gxf5 33.gxf5 Nf6 34.Kh1 Kh8 35.Rg1
Qb7 36.Bg5 d5 37.exd5 e4 38.Bg2 Qe7 39.Rge1 Qxb4 40.a6 Rxd5 41.Rb1 Qc5 42.
Bxf6 Bxf6 43.Rxe4 Rdd8 44.Re6 c3 45.Rxf6 b4 46.Re6 Rxe6 47.fxe6 Rd2 48.a7 
Qxa7 49.Qe4 c2 50.Rf1 Rf2 51.e7 Rxf1+ 52.Bxf1 c1=Q 53.Qe5+ 1-0

[Event "36th World U20 ch"]
[Site "Zagan POL"]
[Date "1997.07.24"]
[Round "10"]
[White "Dao Thien Hai"]
[Black "Macieja, Bartlomiej"]
[Result "0-1"]
[WhiteElo "2525"]
[BlackElo "2470"]
[EventDate "1997.07.14"]
[PlyCount "98"]

1.d4 Nf6 2.c4 e6 3.Nc3 Bb4 4.Qc2 c5 5.dxc5 O-O 6.a3 Bxc5 7.Nf3 b6 8.Bg5 
Bb7 9.e4 h6 10.Bh4 Be7 11.Rd1 Nh5 12.Bxe7 Qxe7 13.Qd2 f5 14.Bd3 Nf6 15.
exf5 Bxf3 16.gxf3 exf5+ 17.Qe3 Qf7 18.O-O Nc6 19.Qf4 Nh5 20.Qd6 Qe6 21.Be2
Ne5 22.Qd4 Rae8 23.f4 Nc6 24.Qd2 Nf6 25.Rfe1 Ne4 26.Nxe4 fxe4 27.Bf1 Re7 
28.Bg2 Qxc4 29.b4 Kh8 30.Qd6 Rf6 31.Qc7 d5 32.Qc8+ Kh7 33.h3 Qb3 34.Kh1 a5
35.Rc1 Nd4 36.Qa8 Nf3 37.Rf1 Nh4 38.Rc8 Nxg2 39.Rh8+ Kg6 40.Qc8 Qf3 41.Rg1
e3 42.Rxg2+ Qxg2+ 43.Kxg2 e2 44.Qg4+ Kf7 45.Qh5+ Rg6+ 46.Kh2 e1=Q 47.Qf5+ 
Rf6 48.Qxd5+ Qe6 49.Qh5+ Rg6 0-1

[Event "36th World U20 ch"]
[Site "Zagan POL"]
[Date "1997.07.24"]
[Round "10"]
[White "Kacheishvili, Giorgi"]
[Black "Gyimesi, Zoltan"]
[Result "1-0"]
[WhiteElo "2550"]
[BlackElo "2525"]
[EventDate "1997.07.14"]
[PlyCount "91"]

1.d4 Nf6 2.c4 e6 3.Nf3 d5 4.Nc3 dxc4 5.e4 Bb4 6.Bg5 c5 7.e5 cxd4 8.Qa4+ 
Nc6 9.O-O-O Bd7 10.Ne4 Be7 11.exf6 gxf6 12.Bh4 Rc8 13.Kb1 Na5 14.Qc2 e5 
15.Nxd4 exd4 16.Rxd4 Qb6 17.Rd6 Rc6 18.Rxc6 Qxc6 19.Be2 O-O 20.g4 Qe6 21.
Re1 Ba4 22.Qxa4 Qxe4+ 23.Qc2 Qxc2+ 24.Kxc2 Bb4 25.Rd1 Re8 26.Bf3 Kg7 27.
Rd4 Re6 28.Bg3 b5 29.Rd7 a6 30.Rc7 h6 31.Bf4 Bd6 32.Bxd6 Rxd6 33.Be4 b4 
34.Rc5 b3+ 35.Kc3 Nc6 36.axb3 Ne5 37.bxc4 Nxg4 38.Rf5 Re6 39.Kd4 Rb6 40.h3
Ne5 41.f4 Ng6 42.Kc3 Ne7 43.Ra5 f5 44.Bd3 Kf6 45.c5 Rc6 46.Kd4 1-0

[Event "36th World U20 ch"]
[Site "Zagan POL"]
[Date "1997.07.24"]
[Round "10"]
[White "Kasimdzhanov, Rustam"]
[Black "Gershon, Alik"]
[Result "1-0"]
[WhiteElo "2545"]
[BlackElo "2420"]
[EventDate "1997.07.14"]
[PlyCount "63"]

1.d4 Nf6 2.Nf3 c5 3.d5 g6 4.Nc3 Bg7 5.e4 O-O 6.Bg5 d6 7.Nd2 h6 8.Bh4 e6 9.
Be2 exd5 10.exd5 Nbd7 11.O-O Nb6 12.f4 Re8 13.Bf3 Qc7 14.a4 Bd7 15.Kh1 
Rab8 16.h3 Nc8 17.Nb5 Bxb5 18.axb5 Ne7 19.Bxf6 Bxf6 20.g4 Bxb2 21.Rxa7 f5 
22.Nc4 Bd4 23.Qd3 Nc8 24.c3 Nxa7 25.b6 Qe7 26.bxa7 Qh4 27.Bg2 Ra8 28.cxd4 
Rxa7 29.dxc5 Ra2 30.c6 Kh7 31.gxf5 gxf5 32.Nxd6 1-0

[Event "36th World U20 ch"]
[Site "Zagan POL"]
[Date "1997.07.24"]
[Round "10"]
[White "Zhang Zhong"]
[Black "Kempinski, Robert"]
[Result "1/2-1/2"]
[WhiteElo "2475"]
[BlackElo "2530"]
[EventDate "1997.07.14"]
[PlyCount "73"]

1.e4 c5 2.Nf3 d6 3.d4 cxd4 4.Nxd4 Nf6 5.Nc3 a6 6.Be2 e6 7.O-O Be7 8.f4 Qc7
9.Be3 Nc6 10.Qe1 Nxd4 11.Bxd4 b5 12.a3 Bb7 13.Qg3 O-O 14.Kh1 Bc6 15.Rae1 
Qb7 16.Bd3 b4 17.Nd1 bxa3 18.bxa3 g6 19.Nf2 Nh5 20.Qe3 f6 21.Bc4 Qc8 22.f5
gxf5 23.Qh6 Ng7 24.Nh3 Rf7 25.Ba2 Bxe4 26.Rxe4 fxe4 27.Ng5 fxg5 28.Rxf7 
Kxf7 29.Qxg7+ Ke8 30.Qg8+ Bf8 31.Bxe6 Qc7 32.Qxg5 Rb8 33.Qh5+ Kd8 34.Qg5+ 
Ke8 35.Qh5+ Kd8 36.Qg5+ Ke8 37.Qh5+ 1/2-1/2

[Event "36th World U20 ch"]
[Site "Zagan POL"]
[Date "1997.07.24"]
[Round "10"]
[White "Mirumian, Vigen"]
[Black "Zulfugarli, Mahomed"]
[Result "1-0"]
[WhiteElo "2490"]
[BlackElo "2385"]
[EventDate "1997.07.14"]
[PlyCount "61"]

1.Nf3 Nf6 2.g3 g6 3.Bg2 Bg7 4.O-O O-O 5.d3 d6 6.c4 e5 7.Nc3 Nc6 8.Rb1 Bf5 
9.b4 Qd7 10.b5 Ne7 11.Re1 Bh3 12.Bh1 h6 13.Nd2 Qc8 14.Ba3 Re8 15.Rc1 Be6 
16.Nb3 h5 17.Bb2 h4 18.Nd2 hxg3 19.hxg3 Kh7 20.Nf3 Rh8 21.c5 Kg8 22.cxd6 
cxd6 23.Nd5 Qd7 24.Rc7 Bxd5 25.Rxd7 Nxd7 26.Bg2 Bf6 27.Ba3 Nc5 28.e4 Bxa2 
29.d4 exd4 30.e5 Bb3 31.Qb1 1-0

[Event "36th World U20 ch"]
[Site "Zagan POL"]
[Date "1997.07.24"]
[Round "10"]
[White "Rowson, Jonathan"]
[Black "Li Shilong"]
[Result "0-1"]
[WhiteElo "2490"]
[BlackElo "2335"]
[EventDate "1997.07.14"]
[PlyCount "98"]

1.e4 e5 2.Nf3 Nc6 3.Bb5 a6 4.Ba4 Nf6 5.O-O Be7 6.Re1 b5 7.Bb3 d6 8.c3 O-O 
9.h3 Re8 10.d4 h6 11.Nbd2 Bf8 12.Nf1 Bd7 13.Ng3 Na5 14.Bc2 c5 15.b3 Nc6 
16.d5 Ne7 17.a4 Ng6 18.Be3 Nh7 19.Bd3 Nf4 20.Bxf4 exf4 21.Nh5 g6 22.Nxf4 
Qf6 23.Qd2 bxa4 24.bxa4 h5 25.g3 Bg7 26.Qe2 Qxc3 27.Nd2 h4 28.Nc4 hxg3 29.
fxg3 Rab8 30.Kg2 Rb4 31.Rac1 Qf6 32.a5 Bb5 33.h4 Qd8 34.h5 g5 35.h6 gxf4 
36.hxg7 Qg5 37.Qf3 Rb3 38.e5 Bxc4 39.Rxc4 Rb2+ 40.Kf1 Rxe5 41.Bxh7+ Kxh7 
42.Rxf4 Kg8 43.Rd1 Qh5 44.g4 Qg6 45.Kg1 Ree2 46.Qh3 Rg2+ 47.Kf1 Rh2 48.Qf3
Qh6 49.Kg1 Rhg2+ 0-1

[Event "36th World U20 ch"]
[Site "Zagan POL"]
[Date "1997.07.24"]
[Round "10"]
[White "Savic, Miodrag"]
[Black "Avrukh, Boris"]
[Result "0-1"]
[WhiteElo "2430"]
[BlackElo "2550"]
[EventDate "1997.07.14"]
[PlyCount "82"]

1.e4 d6 2.d4 Nf6 3.Nc3 g6 4.f3 c6 5.Be3 b5 6.Qd2 Nbd7 7.a3 a6 8.g4 Nb6 9.
h4 h5 10.g5 Nfd7 11.b3 Qc7 12.f4 Bb7 13.Nf3 Bg7 14.Bh3 c5 15.O-O b4 16.
axb4 cxb4 17.Na4 Bxe4 18.Nxb6 Nxb6 19.Qxb4 Nd5 20.Qa4+ Kf8 21.Bd2 Qxc2 22.
Rac1 Qd3 23.Qc4 e6 24.Bg2 Ke7 25.Qc6 Rhd8 26.f5 exf5 27.Ba5 Re8 28.Bc7 Kf8
29.Bxd6+ Kg8 30.Qc4 Rad8 31.Be5 Qe3+ 32.Rf2 Bd3 33.Qc6 Re6 34.Qc5 Bf8 35.
Re1 Bxc5 36.Rxe3 Nxe3 37.dxc5 Be4 38.Bd6 Rdxd6 39.cxd6 Rxd6 40.Re2 Nxg2 
41.Ne5 Nf4 0-1

[Event "36th World U20 ch"]
[Site "Zagan POL"]
[Date "1997.07.24"]
[Round "10"]
[White "Krakops, Maris"]
[Black "Balogh, Tomas"]
[Result "1/2-1/2"]
[WhiteElo "2530"]
[BlackElo "2390"]
[EventDate "1997.07.14"]
[PlyCount "144"]

1.e4 e5 2.Nf3 Nf6 3.d4 Nxe4 4.Bd3 Nc6 5.d5 Nc5 6.dxc6 e4 7.cxb7 Bxb7 8.Be2
exf3 9.Bxf3 Rb8 10.O-O Be7 11.Nd2 O-O 12.Nb3 Ne6 13.Be3 a6 14.Bxb7 Rxb7 
15.Rb1 c6 16.Qd3 a5 17.Qa6 Rb5 18.Rfd1 Qc7 19.a4 Rh5 20.h3 Rb8 21.Nd4 Bc5 
22.b3 Rd5 23.Nxe6 dxe6 24.Bxc5 Rxc5 25.Qe2 g6 26.c4 Qe5 27.Qd3 Qf5 28.Qd6 
Rb4 29.g4 Qe5 30.Qe7 Rb8 31.Rd7 Rf8 32.Rf1 Kg7 33.Rfd1 Qg5 34.Qxg5 Rxg5 
35.Rc7 Rc5 36.Rdd7 h5 37.f3 hxg4 38.hxg4 Re5 39.Kf2 Rc5 40.Rb7 g5 41.Rdc7 
Kg6 42.Rb6 Kf6 43.Rbb7 Kg6 44.Rb6 Kf6 45.Rcxc6 Rxc6 46.Rxc6 Rb8 47.Rc5 
Rxb3 48.Rxa5 Rc3 49.Rc5 Ke7 50.Rxg5 Rxc4 51.Ra5 Kf6 52.Kg3 e5 53.Kf2 Rb4 
54.Ke3 Rb3+ 55.Ke4 Rb4+ 56.Ke3 Rb3+ 57.Kf2 Rb2+ 58.Kg3 Rb4 59.Ra8 Rb3 60.
Kg2 Rb2+ 61.Kg3 Rb3 62.Ra6+ Kg5 63.Ra5 f6 64.Rb5 Ra3 65.Rb4 Kg6 66.Kf2 Kg5
67.Rc4 Kg6 68.Ke2 Kg5 69.Rb4 Kg6 70.f4 exf4 71.Rxf4 Kg5 72.Rb4 f5 1/2-1/2

[Event "36th World U20 ch"]
[Site "Zagan POL"]
[Date "1997.07.24"]
[Round "10"]
[White "Delemarre, Jop"]
[Black "Bates, Richard"]
[Result "1-0"]
[WhiteElo "2395"]
[BlackElo "2345"]
[EventDate "1997.07.14"]
[PlyCount "53"]

1.d4 d6 2.Nf3 Nf6 3.Bg5 Nbd7 4.Nbd2 c5 5.c3 h6 6.Bh4 e6 7.e4 g5 8.Bg3 Nh5 
9.Bd3 g4 10.Ng1 Nxg3 11.hxg3 h5 12.Ne2 a6 13.a4 Qg5 14.a5 Be7 15.Bc2 cxd4 
16.cxd4 d5 17.Nf4 Rh6 18.Qe2 h4 19.exd5 exd5 20.Qe3 hxg3 21.Rxh6 Qxh6 22.
fxg3 Qg5 23.Ba4 Kf8 24.O-O-O b5 25.Bc2 Kg8 26.Rh1 Bd6 27.Bh7+ 1-0

[Event "36th World U20 ch"]
[Site "Zagan POL"]
[Date "1997.07.24"]
[Round "10"]
[White "Podkriznik, Gregor"]
[Black "Malakhatko, Vadym"]
[Result "1/2-1/2"]
[WhiteElo "2295"]
[BlackElo "2445"]
[EventDate "1997.07.14"]
[PlyCount "95"]

1.e4 c5 2.Nf3 d6 3.d4 cxd4 4.Nxd4 Nf6 5.Nc3 a6 6.Be2 e6 7.O-O Be7 8.f4 O-O
9.Be3 Qc7 10.Kh1 b5 11.Bf3 Bb7 12.e5 Ne8 13.Bxb7 Qxb7 14.Qg4 Nd7 15.Qg3 
Rc8 16.Rae1 b4 17.Nd1 Qc7 18.Bd2 Qc4 19.c3 Nc5 20.b3 Qd3 21.Qxd3 Nxd3 22.
Re3 bxc3 23.Bxc3 Nc5 24.f5 dxe5 25.Rxe5 f6 26.Re2 e5 27.Bb4 Rf7 28.Ne6 
Nxb3 29.Bxe7 Nc1 30.Rd2 Rxe7 31.Ne3 e4 32.g4 Nd3 33.Nd5 Rb7 34.g5 fxg5 35.
Nxg5 Rc5 36.Ne3 Nd6 37.Nxe4 Nxe4 38.Rxd3 Rb2 39.Rd8+ Kf7 40.Rd7+ Kf8 41.
Rd8+ Ke7 42.Rd4 Nf6 43.Re1 Kf7 44.Nc4 Rb8 45.Ne5+ Kg8 46.Rd6 h5 47.Rxf6 
gxf6 48.Nd7 1/2-1/2

[Event "36th World U20 ch"]
[Site "Zagan POL"]
[Date "1997.07.24"]
[Round "10"]
[White "Bagheri, Amir"]
[Black "Jirovsky, Petr"]
[Result "1-0"]
[WhiteElo "2300"]
[BlackElo "2395"]
[EventDate "1997.07.14"]
[PlyCount "77"]

1.d4 g6 2.Nf3 Bg7 3.c3 d6 4.Bg5 Nf6 5.Nbd2 O-O 6.e4 c6 7.Bd3 Qc7 8.O-O 
Nbd7 9.Re1 e5 10.a4 b6 11.b4 a6 12.dxe5 Nxe5 13.Nxe5 dxe5 14.Qf3 Bg4 15.
Qe3 Be6 16.Bc4 Rfe8 17.Red1 Nd7 18.Bxe6 Rxe6 19.Nc4 c5 20.b5 f6 21.Qh3 Nf8
22.Bh6 Ree8 23.Ne3 axb5 24.axb5 Rxa1 25.Rxa1 Qb7 26.Nd5 Ra8 27.Rd1 Ra4 28.
Bxg7 Kxg7 29.Qf3 Nd7 30.h4 Qc8 31.h5 Qe8 32.Nc7 Qe7 33.h6+ Kf7 34.Qd3 Ra7 
35.Qd5+ Kf8 36.Qc6 Nb8 37.Qxb6 Qxc7 38.Qxf6+ Ke8 39.b6 1-0

[Event "36th World U20 ch"]
[Site "Zagan POL"]
[Date "1997.07.24"]
[Round "10"]
[White "Bunzmann, Dimitrij"]
[Black "Putka, Verners"]
[Result "1-0"]
[WhiteElo "2370"]
[BlackElo "2220"]
[EventDate "1997.07.14"]
[PlyCount "103"]

1.d4 Nf6 2.Nf3 e6 3.c4 b6 4.g3 Ba6 5.b3 Bb4+ 6.Bd2 Be7 7.Bg2 c6 8.Bc3 d5 
9.Nbd2 O-O 10.O-O Bb7 11.Re1 Nbd7 12.Bb2 a5 13.Rc1 Ra7 14.e4 Nxe4 15.Nxe4 
dxe4 16.Rxe4 c5 17.Re2 cxd4 18.Qxd4 Bf6 19.Qe3 Bxb2 20.Rxb2 Nc5 21.Rd2 Qa8
22.Rcd1 Bc6 23.Ne1 Bxg2 24.Nxg2 Qb8 25.Nf4 h6 26.Rd6 Rc7 27.Nd3 Rd7 28.
Rxd7 Nxd7 29.Qd4 Qb7 30.Nf4 Nf6 31.Ne2 e5 32.Qd3 Re8 33.Nc3 e4 34.Qe2 Qc6 
35.Nb5 Qc5 36.Kg2 Re6 37.Rd4 h5 38.h3 h4 39.Qe3 hxg3 40.fxg3 Qe5 41.Nc3 
Rd6 42.Rxd6 Qxd6 43.Nxe4 Nxe4 44.Qxe4 Qd2+ 45.Kf3 Qxa2 46.Qe3 Qc2 47.Qe8+ 
Kh7 48.Qe4+ Qxe4+ 49.Kxe4 g6 50.Kd5 f5 51.h4 g5 52.hxg5 1-0

[Event "36th World U20 ch"]
[Site "Zagan POL"]
[Date "1997.07.24"]
[Round "10"]
[White "Rezan, Sasa"]
[Black "Pereyra Arcija, Diego"]
[Result "1/2-1/2"]
[WhiteElo "2250"]
[BlackElo "2460"]
[EventDate "1997.07.14"]
[PlyCount "107"]

1.e4 e5 2.Nf3 Nc6 3.Bb5 a6 4.Ba4 Nf6 5.O-O b5 6.Bb3 Bc5 7.c3 d6 8.Re1 Bb7 
9.d4 Bb6 10.Bg5 h6 11.Bh4 Qe7 12.a4 g5 13.Bg3 h5 14.h4 g4 15.Ng5 Nd8 16.
axb5 axb5 17.Rxa8 Bxa8 18.Na3 Nd7 19.d5 f6 20.Ne6 Nxe6 21.dxe6 Nc5 22.Bd5 
Bxd5 23.Qxd5 O-O 24.b4 Nxe6 25.Nxb5 Qf7 26.Na3 f5 27.exf5 Ng7 28.Qxf7+ 
Kxf7 29.Nc4 Nxf5 30.Nxb6 cxb6 31.Ra1 Nxg3 32.fxg3 Rc8 33.Ra3 d5 34.Kf2 Ke6
35.Ke2 Rc4 36.Kd3 e4+ 37.Kd2 d4 38.cxd4 Rxd4+ 39.Ke3 Ke5 40.Ra8 Rd3+ 41.
Kf2 Kd4 42.Rd8+ Kc3 43.Re8 Kxb4 44.Re5 Kc3 45.Rb5 Rd2+ 46.Ke3 Rxg2 47.Kxe4
Rxg3 48.Rxh5 Rh3 49.Rb5 g3 50.Kf3 Rxh4 51.Rxb6 Rb4 52.Rc6+ Rc4 53.Rxc4+ 
Kxc4 54.Kxg3 1/2-1/2

[Event "36th World U20 ch"]
[Site "Zagan POL"]
[Date "1997.07.24"]
[Round "10"]
[White "Bircher, Roland"]
[Black "Goloschapov, Alexander"]
[Result "1/2-1/2"]
[WhiteElo "2185"]
[BlackElo "2400"]
[EventDate "1997.07.14"]
[PlyCount "142"]

1.d4 Nf6 2.Nf3 g6 3.Bg5 Bg7 4.Nbd2 d5 5.c3 O-O 6.e3 b6 7.Rc1 c5 8.b4 Nbd7 
9.Be2 a5 10.a3 axb4 11.axb4 Ba6 12.O-O Bxe2 13.Qxe2 Ra2 14.Qd1 Qa8 15.Ra1 
h6 16.Bxf6 Bxf6 17.Qb1 Rxa1 18.Qxa1 Qc6 19.Qb2 Ra8 20.Qb3 cxd4 21.cxd4 b5 
22.Qb2 Nb6 23.Nb3 Nc4 24.Qc3 Ra3 25.Rb1 e6 26.Qc1 Qa8 27.Ra1 Be7 28.Rxa3 
Qxa3 29.Qxa3 Nxa3 30.Nc5 Nc2 31.Nd3 Nxb4 32.Nxb4 Bxb4 33.Kf1 Bd6 34.Nd2 
Kf8 35.Ke2 Ke7 36.Kd3 Kd7 37.h3 Kc6 38.Kc3 Kb6 39.Kb3 Ka5 40.Nf3 b4 41.Ne1
e5 42.dxe5 Bxe5 43.Nd3 Bd6 44.Ne1 Be5 45.Nd3 Bd6 46.Ne1 Kb5 47.Nd3 f5 48.
g3 Ka5 49.Ne1 Kb5 50.Nd3 h5 51.Ne1 Be5 52.Nd3 Bc3 53.Nf4 Be1 54.Nxg6 Bxf2 
55.Ne7 Bxg3 56.Nxf5 Be5 57.Ne7 Kc5 58.Nf5 Bf6 59.Ng3 h4 60.Nf5 Bg5 61.Kc2 
Kb5 62.Kb3 Ka5 63.Nd4 Bxe3 64.Nc6+ Kb5 65.Nxb4 Kc5 66.Na2 Kd4 67.Kc2 Ke5 
68.Kd3 d4 69.Nb4 Kf4 70.Nc2 Kg3 71.Nxe3 dxe3 1/2-1/2

[Event "36th World U20 ch"]
[Site "Zagan POL"]
[Date "1997.07.24"]
[Round "10"]
[White "Ibraev, Nurlan"]
[Black "Henni, Mohamed"]
[Result "1-0"]
[WhiteElo "2320"]
[BlackElo "2375"]
[EventDate "1997.07.14"]
[PlyCount "85"]

1.e4 e5 2.Nf3 Nc6 3.Bb5 a6 4.Ba4 Nf6 5.O-O Be7 6.Re1 b5 7.Bb3 O-O 8.h3 Bb7
9.c3 d5 10.exd5 Nxd5 11.d3 Bf6 12.Nbd2 Nf4 13.Ne4 Nxd3 14.Nxf6+ gxf6 15.
Bh6 Nxe1 16.Qxe1 Qd3 17.Nh4 f5 18.Rd1 Qe4 19.Qxe4 fxe4 20.Bxf8 Rxf8 21.Rd7
Na5 22.Bc2 e3 23.fxe3 Nc4 24.Rxc7 Bc8 25.Bb3 Nxb2 26.Nf3 Be6 27.Nxe5 Bxb3 
28.axb3 Re8 29.Nxf7 Rxe3 30.Nh6+ Kf8 31.Ng4 Rd3 32.Ne5 Re3 33.Nd7+ Kg7 34.
Nc5+ Kh8 35.Nxa6 Nd1 36.c4 Rxb3 37.c5 Ra3 38.Ra7 Ne3 39.c6 Nc4 40.c7 Nd6 
41.Ra8+ Kg7 42.Rd8 Rxa6 43.Rd7+ 1-0

[Event "36th World U20 ch"]
[Site "Zagan POL"]
[Date "1997.07.24"]
[Round "10"]
[White "Bratanov, Zsivko"]
[Black "Vesterbak Pedersen, Nicolai"]
[Result "0-1"]
[WhiteElo "2355"]
[BlackElo "2300"]
[EventDate "1997.07.14"]
[PlyCount "102"]

1.e4 e5 2.d4 exd4 3.Qxd4 Nc6 4.Qe3 Nf6 5.e5 Nd5 6.Qe4 Nb6 7.Nf3 Bb4+ 8.c3 
Be7 9.Bd3 g6 10.O-O O-O 11.Bh6 Re8 12.Na3 d6 13.Rad1 Bf5 14.Qf4 Bxd3 15.
Rxd3 Nxe5 16.Nxe5 dxe5 17.Qe4 Bd6 18.Nb5 Rb8 19.Rfd1 Re6 20.Qb4 Nc8 21.Qc4
e4 22.Qd4 f6 23.Re3 Qe7 24.f3 Nb6 25.b4 exf3 26.Rxf3 Re8 27.Rdf1 Be5 28.
Qh4 f5 29.Bg5 Qd7 30.Nd4 Bxd4+ 31.cxd4 Re4 32.Qh6 Qxd4+ 33.Kh1 Re1 34.Qh4 
Qa1 35.Kg1 Rxf1+ 36.Rxf1 Qe5 37.Bf6 Qe6 38.Kh1 Qc4 39.Qxc4+ Nxc4 40.Rc1 b5
41.Kg1 Kf7 42.Bd4 a6 43.a4 Ke6 44.axb5 axb5 45.Kf2 Kd5 46.Bc5 Kc6 47.h3 
Re4 48.Rd1 Nb6 49.Bxb6 Kxb6 50.Rd7 Rxb4 51.Rxh7 Rd4 0-1

[Event "36th World U20 ch"]
[Site "Zagan POL"]
[Date "1997.07.24"]
[Round "10"]
[White "Carrasco Martinez, Juan Manuel"]
[Black "Myc, Marcin"]
[Result "1-0"]
[WhiteElo "2280"]
[BlackElo "2350"]
[EventDate "1997.07.14"]
[PlyCount "65"]

1.e3 c5 2.b3 Nf6 3.Bb2 b6 4.f4 Bb7 5.Nf3 g6 6.g3 Bg7 7.Bg2 O-O 8.O-O d6 9.
a4 Nbd7 10.Na3 a6 11.Qe2 Qc7 12.d3 Ne8 13.Bxg7 Nxg7 14.e4 e5 15.fxe5 Nxe5 
16.Nxe5 dxe5 17.Bh3 f5 18.Nc4 b5 19.axb5 axb5 20.Rxa8 Bxa8 21.Ne3 f4 22.
Nd5 Qd6 23.c4 g5 24.gxf4 gxf4 25.Kh1 Bxd5 26.cxd5 Ra8 27.Rg1 Qf6 28.Qg4 h5
29.Qxh5 Ra6 30.Bf5 Kf8 31.Qh8+ Kf7 32.Qh7 Kf8 33.Be6 1-0

[Event "36th World U20 ch"]
[Site "Zagan POL"]
[Date "1997.07.24"]
[Round "10"]
[White "Blehm, Pawel"]
[Black "Dantas, Carlos"]
[Result "1-0"]
[WhiteElo "2400"]
[BlackElo "2200"]
[EventDate "1997.07.14"]
[PlyCount "61"]

1.e4 e5 2.Nf3 Nf6 3.Nxe5 d6 4.Nf3 Nxe4 5.d4 d5 6.Bd3 Nc6 7.O-O Bg4 8.c4 f5
9.Nc3 dxc4 10.Bxc4 Bxf3 11.Qxf3 Nxd4 12.Qh3 Qd7 13.Nxe4 fxe4 14.Qh5+ Kd8 
15.Qh4+ Kc8 16.Be3 Nc6 17.Qxe4 Kb8 18.Rac1 a6 19.Bd5 Nd8 20.Bg5 Bd6 21.
Bxd8 Qxd8 22.Bxb7 Re8 23.Qf3 Ra7 24.Bc6 Rf8 25.Qb3+ Kc8 26.Rc3 Qe7 27.Re3 
Bxh2+ 28.Kh1 Be5 29.Qc4 Qf6 30.Qg4+ Qf5 31.Rf3 1-0

[Event "36th World U20 ch"]
[Site "Zagan POL"]
[Date "1997.07.24"]
[Round "10"]
[White "Petry, Croife"]
[Black "Fontaine, Robert"]
[Result "0-1"]
[WhiteElo "2195"]
[BlackElo "2395"]
[EventDate "1997.07.14"]
[PlyCount "86"]

1.d4 Nf6 2.Nf3 d5 3.Bg5 Ne4 4.Bf4 c5 5.c3 Qb6 6.Qb3 c4 7.Qxb6 axb6 8.Nbd2 
Nf6 9.e4 b5 10.exd5 Nbd7 11.Ne5 Nxd5 12.Bg3 g6 13.Be2 Bh6 14.Bf3 N7b6 15.
Ke2 f6 16.Bxd5 Nxd5 17.Nef3 Bf5 18.Rhc1 Bd3+ 19.Kd1 Ra6 20.Ne1 Bf5 21.Nc2 
Kf7 22.a3 Rha8 23.Ne3 Nxe3+ 24.fxe3 Bxe3 25.Ke2 Bh6 26.Re1 Re6+ 27.Kd1 
Raa6 28.Nf3 Bd3 29.Bf2 Rxe1+ 30.Bxe1 Re6 31.Ng1 Be3 32.Nh3 Bf1 33.Bd2 Bxg2
34.Bxe3 Rxe3 35.Nf4 Bf3+ 36.Kd2 Re4 37.Rf1 Rxf4 38.Ke3 Rf5 39.Rxf3 Rxf3+ 
40.Kxf3 Ke6 41.Kf4 Kd5 42.h4 h5 43.Kf3 e5 0-1